00327nam a2200133Ia 45000030006000000080041000060400015000471000035000622450037000972500010001342600020001445460012001640050017001760STCL150530s9999 xx 000 0 und d aSTCLcSTCL aTerry Eagletor; Drew Milne; Ed aMarxist literary theory a reader aFirst bBlackwellc1996 aEnglish20220125170832.0